000 00678nam a22002415i 4500
001 13923
003 ES-MaACL
005 20250808010510.0
007 t|
008 950119s1994 sp ||||0| spa j
020 _a84-604-9340-7
040 _aM-BN
_bspa
_cM-BN
080 _a171
100 1 _aOlmos, Enrique.
_986988
245 1 3 _aLa plenitud humana /
_c[Enrique Olmos].
260 _aMadrid :
_bE. Olmos,
_c[1994]
300 _a313 p ;
_c21 cm.
500 _aIndice.
504 _aBibliografía: p. 300-308.
650 1 7 _aMoral práctica
_2embne
_911261
852 _aES-MaACL
_jL-21238
_bR.123812
_q. - Ded. autógr. del autor
999 _c13923
_d13923